[Event "Florianopolis op 8th"]
[Site "Florianopolis"]
[Date "2022.01.25"]
[Round "3"]
[White "Machado, Hualason Jose Soare"]
[Black "Rodi, Luis Ernesto"]
[Result "0-1"]
[WhiteElo "2041"]
[BlackElo "2347"]
[PlyCount "57"]
[EventDate "2022.01.24"]
[EventType "swiss"]
[EventRounds "10"]
[EventCountry "BRA"]
[SourceTitle "CBM 206 Extra"]
[Source "ChessBase"]
[SourceDate "2022.03.31"]
[SourceVersion "1"]
[SourceVersionDate "2022.03.31"]
[SourceQuality "1"]

1. Nf3 f5 2. c4 Nf6 3. g3 g6 4. Bg2 Bg7 5. d3 0-0 6. 0-0 d6 7. Qb3 Nc6 8. Nc3 e5 9. Bg5 h6 10. Bd2 Kh7 11. e3 g5 12. Nd5 Ne7 13. Nxf6+ Bxf6 14. Rac1 Ng6 15. c5 d5 16. c6 b6 17. Bb4 Re8 18. e4 a5 19. Ba3 Be6 20. exd5 Bxd5 21. Nxg5+ Bxg5 22. Bxd5 Bxc1 23. Rxc1 Qf6 24. Qb5 Rad8 25. b3 e4 26. dxe4 fxe4 27. Qc4 Qf5 28. Bb2 Rxd5 29. Qe2 0-1

[Event "Belem FEXPA op 1st"]
[Site "Belem"]
[Date "2017.02.03"]
[Round "1"]
[White "Machado, Hualason Jose Soare"]
[Black "De Moura Filho, Eny Nobrega"]
[Result "1-0"]
[WhiteElo "1965"]
[BlackElo "1413"]
[PlyCount "52"]
[EventDate "2017.02.03"]
[EventType "swiss"]
[EventRounds "6"]
[EventCountry "BRA"]
[SourceTitle "CBM 176 Extra"]
[Source "ChessBase"]
[SourceDate "2017.03.02"]
[SourceVersion "1"]
[SourceVersionDate "2017.03.02"]
[SourceQuality "1"]

1. Nf3 Nf6 2. c4 d6 3. d4 c6 4. Nc3 Nbd7 5. e4 Qc7 6. Be3 e5 7. h3 a6 8. g4 c5 9. dxe5 Nxe5 10. g5 Nxf3+ 11. Qxf3 Nd7 12. 0-0-0 Ne5 13. Qg3 Be6 14. b3 0-0-0 15. f4 Nc6 16. f5 Qa5 17. Kb2 Bd7 18. Bd2 Qc7 19. Nd5 Qb8 20. Bc3 Nd4 21. Ba5 b5 22. Rxd4 cxd4 23. cxb5 Kb7 24. bxa6+ Ka7 25. Bb6+ Ka8 26. Bc7 Qb5 1-0